Modelaje de mampostería y análisis mediante el método de elemento finito
Uloženo v:
| Hlavní autor: | |
|---|---|
| Médium: | Kniha |
| Vydáno: |
San José, C.R
1998
|
| Témata: | |
| Tagy: |
Přidat tag
Žádné tagy, Buďte první, kdo vytvoří štítek k tomuto záznamu!
|
MARC
| LEADER | 00000nam a2200000Ia 4500 | ||
|---|---|---|---|
| 003 | 008501 | ||
| 005 | 20221231144219.0 | ||
| 008 | 140114s1998 cr a m 000 ||s d | ||
| 040 | |c cru CEDI | ||
| 090 | |a TFG 3947 | ||
| 100 | |a Tanner, Jennifer |9 8766 | ||
| 245 | |a Modelaje de mampostería y análisis mediante el método de elemento finito | ||
| 260 | |c 1998 |a San José, C.R | ||
| 300 | |a [100] hojas | ||
| 500 | |a Tesis(magister scientiae)--Universidad de Costa Rica. Sistema de Estudios de Posgrado. Comisión del Programa de Estudios de Posgrado en Ingeniería Civil | ||
| 650 | |x MAMPOSTERIA |x METODO DE ELEMENTOS FINITOS |9 2726 | ||
| 942 | |c TFG | ||
| 999 | |c 18526 |d 18526 | ||
